Tratado de inteligencia artificial y derecho en el nuevo milenio /

Detalles Bibliográficos
Otros Autores: Viglianisi Ferraro, Angelo, 1978- (Editor)
Formato: Electrónico eBook
Lenguaje:español
inglés
portugués
italiano
Publicado: Santiago, Chile : Ediciones Olejnik, [2022]
Colección:Biblioteca Los nuevos horizontes del derecho en el siglo XXI.
Materias:
Acceso en línea:Digitalia Hispánica

MARC

LEADER 00000nam a2200000Ii 4500
001 DIGOLEJNK1227
003 NyNyDIG
006 m o d
007 cr |||||||||||
008 260106s2022 cl o 100 0 spa d
035 |a (OCoLC)1420740221 
040 |a DGITA  |b eng  |e rda  |e pn  |c DGITA 
020 |z 9789563929881 
041 0 |a spa  |a eng  |a por  |a ita 
050 1 4 |a K564.C6 ebook 
245 0 0 |a Tratado de inteligencia artificial y derecho en el nuevo milenio /  |c Angelo Viglianisi Ferraro (director) ; edición al cuidado de Angelo Viglianisi Ferraro [and 4 others]. 
264 1 |a Santiago, Chile :  |b Ediciones Olejnik,  |c [2022] 
300 |a 1 online resource. 
336 |a text  |b txt  |2 rdacontent 
337 |a computer  |b c  |2 rdamedia 
338 |a online resource  |b cr  |2 rdacarrier 
347 |a text file  |2 rdaft 
347 |b PDF 
490 1 |a Biblioteca Los nuevos horizontes del derecho en el siglo XXI  
500 |a "Este Tratado reúne los textos de las ponencias expuestas durante el Curso "Artificial intelligence in the New Millennium", promovido por estudiosos de 55 universidades."--Introduction. 
546 |a Articles in Spanish, English, Portuguese and Italian. 
588 0 |a Online resource; title from PDF title page (Digitalia, viewed January 6, 2026) 
650 0 |a Artificial intelligence  |x Law and legislation  |v Congresses. 
700 1 |a Viglianisi Ferraro, Angelo,  |d 1978-  |e editor. 
791 2 |a Digitalia (Firm),  |e distributor. 
793 0 |g Digitalia eBook Collection:  |a Ediciones Olejnik 
776 0 8 |i Print version:  |t Tratado de inteligencia artificial y derecho en el nuevo milenio.  |d Santiago, Chile : Ediciones Olejnik, 2022  |z 9789563929881 
830 0 |a Biblioteca Los nuevos horizontes del derecho en el siglo XXI. 
856 4 0 |3 Digitalia Hispánica  |u https://www.digitaliapublishing.com/a/157733/ 
910 |a Premium collection: 2026